Swamp of the hideous zombies / (Record no. 110980)
[ view plain ]
| 000 -LEADER | |
|---|---|
| fixed length control field | 00679nam a2200205 a 4500 |
| 001 - CONTROL NUMBER | |
| control field | 1026 |
| 005 - DATE AND TIME OF LATEST TRANSACTION | |
| control field | 20140414131906.0 |
| 008 - FIXED-LENGTH DATA ELEMENTS--GENERAL INFORMATION | |
| fixed length control field | 041014s19uu xx 00 eng d |
| 020 ## - INTERNATIONAL STANDARD BOOK NUMBER | |
| International Standard Book Number | 0-679-87696-0 |
| 050 ## - LIBRARY OF CONGRESS CALL NUMBER | |
| Classification number | FIC |
| Item number | H11 1996 |
| 100 ## - MAIN ENTRY--PERSONAL NAME | |
| Personal name | Hayes, Geoffrey |
| 245 ## - TITLE STATEMENT | |
| Title | Swamp of the hideous zombies / |
| Statement of responsibility, etc | Geoffrey Hayes. |
| 260 ## - PUBLICATION, DISTRIBUTION, ETC. (IMPRINT) | |
| Place of publication, distribution, etc | New York : |
| Name of publisher, distributor, etc | Random House, |
| Date of publication, distribution, etc | 1996. |
| 300 ## - PHYSICAL DESCRIPTION | |
| Extent | 71 p. : ill. ; cm. |
| 440 ## - SERIES STATEMENT/ADDED ENTRY--TITLE | |
| Title | A First Stepping Stone Book |
| 520 ## - SUMMARY, ETC. | |
| Summary, etc | When a creepy fortune-teller moves into Boogie Bay one by one people begin to disappear, Otto feels sure zombie monsters are at work. |
| 650 ## - SUBJECT ADDED ENTRY--TOPICAL TERM | |
| Topical term or geographic name as entry element | Monsters |
| General subdivision | Fiction. |
| 650 ## - SUBJECT ADDED ENTRY--TOPICAL TERM | |
| Topical term or geographic name as entry element | Horror stories. |
| Withdrawn status | Lost status | Damaged status | Use restrictions | Home library | Current library | Shelving location | Date acquired | Source of acquisition | Total Checkouts | Full call number | Barcode | Date last seen | Price effective from | Koha item type |
|---|---|---|---|---|---|---|---|---|---|---|---|---|---|---|
| Munich Library | Munich Library | Fiction Section | 10/14/2004 | FIC H11 1996 | M1523 | 04/14/2014 | 04/14/2014 | Books |